Statistiken für Liedtext: Das Lumpenpack - Pädagogen

Klicken Sie hier um das Quiz zu spielen!

Allgemein

  • Dieses Quiz wurde 41 mal gespielt
  • Das Durchschnittsergebnis liegt bei 269 aus 411

Antwortstatistiken

Antwort% Korrekt
Ich
100%
ich
100%
Freunde
97%
mein
97%
meine
97%
Pädagogen
97%
es
95%
Es
95%
in
92%
nicht
92%
nur
92%
Alle
90%
alle
90%
bin
90%
sind
90%
ne
87%
da
85%
gibt
85%
Gibt
85%
Lehrer
85%
Lehrrer
85%
das
82%
Freundeskreis
82%
meinem
82%
was
82%
Was
82%
ist
79%
Leben
79%
von
79%
Weil
79%
Wo
79%
dass
77%
Dass
77%
doch
77%
Doch
77%
hab
77%
nen
77%
wir
77%
der
74%
die
74%
Die
74%
euch
74%
gegen
74%
Ihr
74%
ihr
74%
Im
74%
im
74%
mir
74%
Monteur
74%
nichts
74%
tausch
74%
drei
72%
enttäuscht
72%
wütend
72%
alles
69%
liebe
69%
warum
69%
Warum
69%
zu
69%
ein
67%
Hand
64%
Immer
64%
mit
64%
und
64%
Aber
62%
abgebogen
62%
falsch
62%
habt
62%
schön
62%
schwör
62%
seid
62%
gibts
59%
gut
59%
passiert
59%
rauchen
59%
Rohr
59%
Lappen
56%
trotzdem
56%
wenn
56%
kenne
54%
Pfütze
54%
können
51%
Nehmt
51%
übel
51%
aus
49%
bei
49%
Kind
49%
macht
49%
nütze
49%
Spaß
49%
am
46%
wirklich
46%
zwar
46%
bringen
44%
oder
44%
platzt
44%
plauschen
44%
Wand
44%
Wasser
44%
keiner
41%
Lehrerinnen
41%
nachmittags
41%
oft
41%
Zeit
41%
Denn
38%
Fliesenleger
38%
hat
38%
Schlecht
38%
Bau
36%
Haus
36%
hier
36%
mehr
36%
schnell
36%
Tag
36%
Termin
36%
teuer
36%
verdient
36%
beim
33%
Fliesenlegerrinnen
33%
Haar
33%
hilft
33%
nächsten
33%
Streich
33%
Womit
33%
dösen
31%
Geschichte
31%
Handwerksmeister
31%
zum
31%
Diskutiern
28%
Drogen
28%
Jemand
28%
kinder
28%
man
28%
Sprinter
28%
weiche
28%
Wohnung
28%
Zang
28%
Eltern
26%
erzogen
26%
frisiert
26%
Gegenfrage
26%
Ingenieure
26%
korrigiern
26%
lösen
26%
Proktologen
26%
Dachte
23%
fragt
23%
grade
23%
hart
23%
Harte
23%
Jetzt
23%
Kardio
23%
Morgens
23%
oh
23%
Repariern
23%
schlechter
23%
Uro
23%
Witz
23%
Architekten
21%
Gedichte
21%
Konflikte
21%
schießt
21%
Schneid
21%
schwarz
21%
Stuhlkreis
21%
blamiern
18%
Danach
18%
Elternabende
18%
Familien
18%
hochbegabt
18%
impf
18%
lange
18%
lesen
18%
Schere
18%
sechs
18%
weg
18%
Zivilrecht
18%
Bastelbogen
15%
dieses
15%
Economy
15%
gehts
15%
Handgepäck
15%
paar
15%
Rotstifte
15%
Sommer
15%
Straf
15%
Wochen
15%
EasyJet
13%
hört
13%
krass
13%
Lied
13%
Stumpfe
13%

Verteilung der Resultate

Perzentil nach korrekt beantworteten Fragen

Anzahl Personen mit jedem Resultat

Ihre Resultats-Entwicklung

Sie haben dieses Quiz noch nicht gespielt